| 000 | 00362nam a2200133Ia 4500 | ||
|---|---|---|---|
| 008 | 240624s9999 xx 000 0 und d | ||
| 041 | _aeng | ||
| 082 | _a641.8 SCH | ||
| 100 | _aSCHMID ALBERT W A | ||
| 245 | _aHOSPITALITY MANAGER S GUIDE TO WINES BEE | ||
| 260 |
_c2004 _aNew Delhi _bPearson Prentice Hall |
||
| 300 | _ax, : 294 : p. : cm. ; 23 | ||
| 365 |
_c _b30 |
||
| 999 |
_c11349 _d11349 |
||